[Event "Mercredi 2025.02.19 ABCD"]
[Site "Montreal CAN"]
[Date "2025.02.19"]
[Round "1"]
[White "Boudreau, Daniel"]
[Black "Templonueva, Mark Geryl"]
[Result "0-1"]
[WhiteElo "1867"]
[BlackElo "1904"]
[WhiteFideId "-1"]
[WhiteFideId "-1"]
[PlyCount "104"]
[GameId "2157618670129379"]
[EventDate "2025.02.19"]
[EventType "tourn"]
[EventRounds "5"]
[EventCountry "CAN"]

1. e4 e5 2. Nf3 Nc6 3. Bb5 a6 4. Ba4 Nf6 5. d3 b5 6. Bb3 Bc5 7. Nc3 d6 8. Nd5 h6 9. c3 Rb8 10. h3 Nxd5 11. Bxd5 Ne7 12. Bb3 a5 13. a4 c6 14. O-O Bb6 15. d4 Qc7 16. Be3 b4 17. cxb4 axb4 18. Rc1 O-O 19. Qd2 Kh7 20. Rfd1 f5 21. dxe5 dxe5 22. Bxb6 Rxb6 23. Qd6 Qxd6 24. Rxd6 Rf6 25. Rcd1 fxe4 26. Nxe5 c5 27. Rd8 Be6 28. Bc2 Ra6 29. Nd7 Bxd7 30. R1xd7 Ng6 31. Rc7 Rf5 32. Rcc8 Re5 33. f3 Ne7 34. Rh8+ Kg6 35. Rce8 c4 36. Bxe4+ Kf6 37. Rb8 Rxa4 38. Rhf8+ Ke6 39. Rb6+ Kd7 40. Rf7 c3 41. Bc6+ Kc7 42. Bxa4 Kxb6 43. bxc3 bxc3 44. Kf2 Ka5 45. Bc2 g6 46. Rf4 Rd5 47. Re4 Nf5 48. Bb3 Rd2+ 49. Ke1 Nd4 50. Bd1 Kb4 51. Re7 Rxg2 52. Rc7 Rg1+ 0-1

[Event "Mercredi 2025.02.19 ABCD"]
[Site "Montreal CAN"]
[Date "2025.02.19"]
[Round "1"]
[White "Cosette, Richard"]
[Black "Cebria Oliveira, Gabriel"]
[Result "0-1"]
[WhiteElo "1824"]
[BlackElo "1804"]
[WhiteFideId "-1"]
[WhiteFideId "-1"]
[PlyCount "72"]
[GameId "2157618670129394"]
[EventDate "2025.02.19"]
[EventType "tourn"]
[EventRounds "5"]
[EventCountry "CAN"]

1. e4 d6 2. Be2 Nf6 3. d3 g6 4. f4 Bg7 5. Nf3 c5 6. O-O O-O 7. Qe1 Nc6 8. c3 e5 9. h3 Re8 10. Qh4 Nh5 11. Ng5 h6 12. Bxh5 hxg5 13. fxg5 gxh5 14. Qxh5 Qe7 15. Be3 Qe6 16. Nd2 Qg6 17. Qf3 Be6 18. h4 Rf8 19. h5 Qh7 20. g4 Ne7 21. Qg3 f6 22. Nf3 b6 23. Nh4 fxg5 24. Bxg5 Rxf1+ 25. Rxf1 Re8 26. Bf6 Qh6 27. g5 Qxh5 28. Nf5 Nxf5 29. exf5 Bd5 30. c4 Bc6 31. a4 Kf7 32. Bxg7 Kxg7 33. f6+ Kf7 34. Rf5 Rg8 35. b3 Bd7 36. g6+ Qxg6 0-1

[Event "Mercredi 2025.02.19 ABCD"]
[Site "Montreal CAN"]
[Date "2025.02.19"]
[Round "1"]
[White "Di Matteo, Alessio"]
[Black "Cardin, Guillaume"]
[Result "1-0"]
[WhiteElo "1973"]
[BlackElo "2067"]
[WhiteFideId "-1"]
[WhiteFideId "-1"]
[PlyCount "97"]
[GameId "2157618670117079"]
[EventDate "2025.02.19"]
[EventType "tourn"]
[EventRounds "5"]
[EventCountry "CAN"]

1. d4 d5 2. c4 c6 3. Nf3 Nf6 4. Nc3 e6 5. g3 dxc4 6. Bg2 Nbd7 7. O-O b5 8. e4 Bb7 9. e5 Nd5 10. Ng5 h6 11. Nxe6 fxe6 12. Qh5+ Ke7 13. Ne4 Qe8 14. Bg5+ hxg5 15. Qxh8 Kd8 16. Nxg5 Qe7 17. Qh5 Kc7 18. a4 a6 19. Bxd5 exd5 20. axb5 axb5 21. Rxa8 Bxa8 22. Ra1 Bb7 23. Nf7 Qe6 24. Ra7 Be7 25. f4 g6 26. Qh7 c5 27. Qg8 Qb6 28. Qe8 Qxa7 29. Qxe7 Qa1+ 30. Kg2 Qd1 31. Qd6+ Kc8 32. Qxg6 cxd4 33. e6 Nf6 34. Nd6+ Kb8 35. Qxf6 Qe2+ 36. Kh3 Qh5+ 37. Qh4 Qxh4+ 38. gxh4 d3 39. Nxb7 Kc7 40. e7 Kd7 41. Nd6 Kxe7 42. Nxb5 Kf6 43. Nc3 d4 44. Nd1 Kf5 45. Kg3 Ke4 46. h5 d2 47. h6 Kd3 48. h7 Kc2 49. Nf2 1-0

[Event "Mercredi 2025.02.19 ABCD"]
[Site "Montreal CAN"]
[Date "2025.02.19"]
[Round "1"]
[White "Gadbois, Patrick"]
[Black "Ali, Nehad"]
[Result "0-1"]
[WhiteElo "1901"]
[BlackElo "1955"]
[WhiteFideId "-1"]
[WhiteFideId "-1"]
[PlyCount "118"]
[GameId "2157618670129380"]
[EventDate "2025.02.19"]
[EventType "tourn"]
[EventRounds "5"]
[EventCountry "CAN"]

1. d4 d5 2. e3 Nf6 3. Bd3 e6 4. Nd2 c5 5. c3 Nc6 6. f4 Bd7 7. Ngf3 c4 8. Bc2 b5 9. a3 a5 10. O-O Qb6 11. Ne5 g6 12. Qf3 Bg7 13. Kh1 a4 14. e4 Ne7 15. Nxd7 Kxd7 16. f5 gxf5 17. exf5 Rae8 18. g4 h6 19. Qh3 exf5 20. gxf5 Nc6 21. Nf3 Re2 22. Bd1 Re4 23. Nh4 Kc7 24. Bf3 Ree8 25. Bf4+ Kb7 26. Qg2 Rhg8 27. Bxd5 Nxd5 28. Qxd5 Re7 29. Rae1 Rge8 30. Rxe7+ Rxe7 31. f6 Bxf6 32. Nf5 Re2 33. Qxf7+ Ne7 34. Nxe7 Bxe7 35. Qd5+ Qc6 36. Qxc6+ Kxc6 37. Bc1 h5 38. Kg1 Rc2 39. h3 h4 40. Re1 Bd6 41. Rf1 Kd5 42. Bf4 Rxb2 43. Bxd6 Kxd6 44. Rf4 Rb3 45. Rxh4 Rxc3 46. Rh5 Rxa3 47. Rxb5 Rxh3 48. Rb4 Kd5 49. Rxa4 Rf3 50. Kg2 Rf8 51. Ra7 Kxd4 52. Rd7+ Kc3 53. Rc7 Kd3 54. Rd7+ Kc2 55. Rc7 c3 56. Rc6 Kd2 57. Rd6+ Kc1 58. Rc6 c2 59. Rc7 Rb8 0-1

[Event "Mercredi 2025.02.19 ABCD"]
[Site "Montreal CAN"]
[Date "2025.02.19"]
[Round "1"]
[White "Liao, Minyam"]
[Black "Chasles, Jean-Benoit"]
[Result "1/2-1/2"]
[WhiteElo "1714"]
[BlackElo "1742"]
[WhiteFideId "-1"]
[WhiteFideId "-1"]
[PlyCount "82"]
[GameId "2157618670129395"]
[EventDate "2025.02.19"]
[EventType "tourn"]
[EventRounds "5"]
[EventCountry "CAN"]

1. e4 c5 2. Nc3 Nc6 3. Bb5 g6 4. Bxc6 bxc6 5. d3 Bg7 6. f4 d6 7. Nf3 Nf6 8. O-O O-O 9. Kh1 Rb8 10. Rb1 Qc7 11. f5 e5 12. Qe1 gxf5 13. exf5 Bxf5 14. Nxe5 Bg6 15. Nc4 Nd5 16. Bd2 Rfe8 17. Qg3 Nxc3 18. Bxc3 Bxc3 19. bxc3 Rxb1 20. Rxb1 Re2 21. h4 h5 22. Re1 Qe7 23. Rxe2 Qxe2 24. Nxd6 Qxc2 25. Ne4 Qxa2 26. Qb8+ Kg7 27. Qe5+ Kf8 28. Qxc5+ Kg7 29. Qe5+ Kf8 30. Qh8+ Ke7 31. Qf6+ Kf8 32. Qd6+ Kg7 33. Qe5+ Kf8 34. Qd6+ Kg7 35. Qxc6 Qb1+ 36. Kh2 Qxd3 37. Qf6+ Kg8 38. Nd6 a5 39. Ne8 Kf8 40. Qh8+ Ke7 41. Qe5+ Kf8 1/2-1/2

[Event "Mercredi 2025.02.19 ABCD"]
[Site "Montreal CAN"]
[Date "2025.02.19"]
[Round "1"]
[White "Mok, Yuen Tak"]
[Black "Pomerantz, Daniel"]
[Result "0-1"]
[WhiteElo "2136"]
[BlackElo "2108"]
[WhiteFideId "-1"]
[WhiteFideId "-1"]
[PlyCount "62"]
[GameId "2157618669932744"]
[EventDate "2025.02.19"]
[EventType "tourn"]
[EventRounds "5"]
[EventCountry "CAN"]

1. e4 e5 2. Nf3 Nc6 3. Bc4 Nf6 4. Ng5 d5 5. exd5 Na5 6. Bb5+ c6 7. dxc6 bxc6 8. Bd3 Nd5 9. Nf3 Bd6 10. O-O O-O 11. Re1 f5 12. Nxe5 Qf6 13. Nc4 Nxc4 14. Bxc4 Qh4 15. Bxd5+ cxd5 16. g3 Qh3 17. Qf3 f4 18. Qg2 Qh5 19. Nc3 f3 20. Qf1 Bh3 21. Qb5 Rf5 22. Qa4 Bg2 23. Qh4 Qxh4 24. gxh4 Rh5 25. Nb5 Bb8 26. Re8+ Kf7 27. Rxb8 Rxb8 28. Nc3 Re8 29. h3 Rxh4 30. d3 Re1+ 31. Kh2 Rxh3# 0-1

[Event "Mercredi 2025.02.19 ABCD"]
[Site "Montreal CAN"]
[Date "2025.02.19"]
[Round "1"]
[White "Nassif, Aba"]
[Black "Deboosere, Adam"]
[Result "1-0"]
[WhiteElo "2004"]
[BlackElo "1997"]
[WhiteFideId "-1"]
[WhiteFideId "-1"]
[PlyCount "123"]
[GameId "2157618670117078"]
[EventDate "2025.02.19"]
[EventType "tourn"]
[EventRounds "5"]
[EventCountry "CAN"]

1. d4 c6 2. Nc3 d5 3. Bf4 Nf6 4. e3 Bf5 5. f3 e6 6. g4 Bg6 7. h4 h5 8. g5 Nfd7 9. Bd3 Bxd3 10. Qxd3 g6 11. e4 Bg7 12. exd5 exd5 13. Bd6 Nf8 14. Ba3 Ne6 15. O-O-O b5 16. Re1 Qc7 17. Bc5 Na6 18. Nxd5 Qd7 19. Nf6+ Bxf6 20. gxf6 Naxc5 21. dxc5 Qxd3 22. cxd3 O-O-O 23. Nh3 Rd5 24. Ng5 Rxc5+ 25. Kd2 Nxg5 26. hxg5 Rd5 27. f4 Rhd8 28. Rh3 R8d7 29. Re4 Kc7 30. Kc3 a5 31. a4 Rc5+ 32. Kb3 b4 33. Rhe3 Rcd5 34. Kc4 Kb6 35. Re7 Rc5+ 36. Kb3 Rcd5 37. Rxd7 Rxd7 38. Kc4 Kc7 39. Re5 h4 40. Rxa5 h3 41. Re5 h2 42. Re1 Rd8 43. Rh1 Rh8 44. Kc5 b3 45. d4 Rh3 46. a5 Rh8 47. a6 Rh3 48. a7 Kb7 49. a8=Q+ Kxa8 50. Kxc6 Rh8 51. d5 Rc8+ 52. Kd7 Rc2 53. Ke7 Rxb2 54. d6 Kb7 55. Re1 Re2+ 56. Rxe2 h1=Q 57. d7 Qd1 58. Re5 Kc7 59. Rc5+ Kb6 60. Rc8 Qe2+ 61. Kxf7 b2 62. d8=Q+ 1-0

[Event "Mercredi 2025.02.19 ABCD"]
[Site "Montreal CAN"]
[Date "2025.02.19"]
[Round "1"]
[White "Navarro, Pavel"]
[Black "Hartner, Rian"]
[Result "1/2-1/2"]
[WhiteElo "1896"]
[BlackElo "1850"]
[WhiteFideId "-1"]
[WhiteFideId "-1"]
[PlyCount "47"]
[GameId "2157618670129381"]
[EventDate "2025.02.19"]
[EventType "tourn"]
[EventRounds "5"]
[EventCountry "CAN"]

1. e4 c6 2. d4 d5 3. exd5 cxd5 4. c4 Nf6 5. Nc3 g6 6. Qb3 Bg7 7. cxd5 O-O 8. g3 e6 9. Bg2 exd5 10. Nge2 Nc6 11. O-O Na5 12. Qd1 Nc4 13. b3 Nb6 14. a4 a5 15. h3 h5 16. Bg5 Bd7 17. Nf4 Bc6 18. Nd3 Qc8 19. Rc1 Qf5 20. Be3 Nbd7 21. Nf4 Nb6 22. Nd3 Nbd7 23. Nf4 Nb6 24. Nd3 1/2-1/2

[Event "Mercredi 2025.02.19 ABCD"]
[Site "Montreal CAN"]
[Date "2025.03.18"]
[Round "1"]
[White "Chapdelaine, Gwyn"]
[Black "Latorre, Vincent"]
[Result "1-0"]
[WhiteElo "2174"]
[BlackElo "2368"]
[WhiteFideId "-1"]
[WhiteFideId "-1"]
[PlyCount "79"]
[GameId "2157618669932745"]
[EventDate "2025.02.19"]
[EventType "tourn"]
[EventRounds "5"]
[EventCountry "CAN"]

1. e4 e5 2. Nf3 Nc6 3. Bc4 Nf6 4. d4 exd4 5. e5 Ne4 6. O-O Be7 7. Bd5 Nc5 8. c3 dxc3 9. Nxc3 O-O 10. a3 Ne6 11. b4 d6 12. exd6 cxd6 13. Ne4 Nc7 14. Bxc6 bxc6 15. Qc2 f5 16. Ng3 f4 17. Nh5 Bg4 18. Nxf4 Bxf3 19. gxf3 Bf6 20. Rb1 Qe8 21. Bd2 Be5 22. Rbe1 Qf7 23. Nd3 Nb5 24. Nxe5 dxe5 25. Qe4 Rad8 26. Be3 Rd5 27. Rc1 Nd4 28. Bxd4 Rxd4 29. Qxe5 Rd5 30. Qg3 Rd3 31. Rxc6 Rxf3 32. Qg2 Rxa3 33. b5 Rb3 34. Rc5 Rf3 35. Rg5 h6 36. Rg3 Rf5 37. Kh1 Rxb5 38. Rg1 Rb7 39. Rxg7+ Qxg7 40. Qxb7 1-0

[Event "Mercredi 2025.02.19 ABCD"]
[Site "Montreal CAN"]
[Date "2025.02.26"]
[Round "2"]
[White "Ali, Nehad"]
[Black "Navarro, Pavel"]
[Result "1/2-1/2"]
[WhiteElo "1955"]
[BlackElo "1896"]
[WhiteFideId "-1"]
[WhiteFideId "-1"]
[PlyCount "166"]
[GameId "2157618670129382"]
[EventDate "2025.02.19"]
[EventType "tourn"]
[EventRounds "5"]
[EventCountry "CAN"]

1. c4 g6 2. Nc3 Bg7 3. d4 Nf6 4. e4 d6 5. f3 O-O 6. Be3 c6 7. Qd2 a6 8. Nge2 Nbd7 9. g4 e5 10. d5 c5 11. Ng3 b5 12. cxb5 Qa5 13. h4 Rb8 14. a4 Qb4 15. Nb1 Qxd2+ 16. Nxd2 Ne8 17. b3 Bf6 18. bxa6 Ra8 19. Nc4 Bxa6 20. Kd2 Bxc4 21. Bxc4 Nc7 22. Kc2 Rfb8 23. h5 Nb6 24. Be2 Na6 25. Bd2 Nb4+ 26. Bxb4 cxb4 27. Bb5 Bg5 28. Rad1 Rc8+ 29. Bc6 Ra5 30. Kb2 Rc7 31. Rd3 Nc8 32. Bb5 Na7 33. Bc4 Rac5 34. hxg6 fxg6 35. Rhd1 Nc8 36. Nf1 Nb6 37. Nd2 Kg7 38. Rc1 Kf6 39. Rc2 h5 40. gxh5 gxh5 41. Nf1 Bf4 42. Ne3 Bxe3 43. Rxe3 Nxc4+ 44. bxc4 Ra5 45. Kb3 Rca7 46. Ra2 Rb7 47. Re1 Kg5 48. Rh1 Kf4 49. Rxh5 Kxf3 50. Rh6 Rb6 51. Rh4 Kg3 52. Rh1 Kf3 53. Re1 Rb8 54. Rd2 Rba8 55. Ra2 Rb8 56. Raa1 Rb7 57. Ra2 Rb8 58. Rc2 Rba8 59. Kxb4 Rxa4+ 60. Kc3 Ra3+ 61. Kd2 Kf4 62. Rc3 Ra2+ 63. Kd3 Rf2 64. c5 Ra4 65. Rb3 Rf3+ 66. Kc2 Rc4+ 67. Kb2 Rxb3+ 68. Kxb3 Rxc5 69. Kb4 Kf3 70. Kb3 Rc7 71. Kb4 Rc2 72. Kb5 Rc3 73. Kb6 Rc4 74. Kb5 Rxe4 75. Rf1+ Kg2 76. Rf6 Rd4 77. Kc6 e4 78. Kxd6 e3 79. Re6 Kf2 80. Kc6 e2 81. d6 e1=Q 82. Rxe1 Kxe1 83. d7 Rxd7 1/2-1/2

[Event "Mercredi 2025.02.19 ABCD"]
[Site "Montreal CAN"]
[Date "2025.02.26"]
[Round "2"]
[White "Barko, Maxim"]
[Black "Nassif, Aba"]
[Result "0-1"]
[WhiteElo "1967"]
[BlackElo "2004"]
[WhiteFideId "-1"]
[WhiteFideId "-1"]
[PlyCount "86"]
[GameId "2157618670129369"]
[EventDate "2025.02.19"]
[EventType "tourn"]
[EventRounds "5"]
[EventCountry "CAN"]

1. e4 d6 2. d4 Nf6 3. Nc3 Nbd7 4. Nf3 e5 5. Rg1 h6 6. g4 g5 7. Be3 c6 8. Qd2 Qc7 9. O-O-O Be7 10. h4 exd4 11. Nxd4 Ne5 12. hxg5 Nfxg4 13. gxh6 Nxe3 14. Qxe3 Ng4 15. Qf4 Nxh6 16. Bc4 Bd7 17. Rh1 Rg8 18. Rdg1 Bg4 19. Rxh6 Bg5 20. Qxg5 Rxg5 21. Rh8+ Ke7 22. Rxa8 d5 23. Bd3 Qf4+ 24. Kb1 Qxf2 25. Nde2 Bxe2 26. Rc1 Bxd3 27. cxd3 Rg7 28. Nd1 Qd2 29. Rxa7 Rg1 30. Rxb7+ Kd6 31. Rb6 Qxd3+ 32. Ka1 Rxd1 33. Rbxc6+ Ke5 34. exd5 Qd2 35. Kb1 Qxd5 36. b4 Qe4+ 37. Ka1 Qd4+ 38. Kb1 Qxb4+ 39. Ka1 Rd2 40. R6c2 Qd4+ 41. Kb1 Qb4+ 42. Ka1 f5 43. Rc5+ Kd4 0-1

[Event "Mercredi 2025.02.19 ABCD"]
[Site "Montreal CAN"]
[Date "2025.02.26"]
[Round "2"]
[White "Beaulieu, Pierre"]
[Black "Liao, Minyam"]
[Result "0-1"]
[WhiteElo "1720"]
[BlackElo "1714"]
[WhiteFideId "-1"]
[WhiteFideId "-1"]
[PlyCount "128"]
[GameId "2157618670129397"]
[EventDate "2025.02.19"]
[EventType "tourn"]
[EventRounds "5"]
[EventCountry "CAN"]

1. Nf3 d5 2. b3 Bf5 3. Bb2 e6 4. e3 Nf6 5. h3 h6 6. Be2 Bd6 7. Nc3 c6 8. Nd4 Bh7 9. f4 Nbd7 10. O-O O-O 11. Bd3 Ne4 12. Bxe4 dxe4 13. Qg4 Nf6 14. Qh4 Be7 15. Rfd1 Qc7 16. Qf2 a6 17. Rac1 b5 18. Nde2 Rfd8 19. g4 Bg6 20. Ng3 b4 21. Nce2 Qa5 22. Nd4 Rac8 23. f5 exf5 24. Ndxf5 Rd7 25. Nxe7+ Rxe7 26. Bxf6 gxf6 27. Qxf6 Re6 28. Qf4 Kh7 29. Nf5 Bxf5 30. Qxf5+ Qxf5 31. gxf5 Rf6 32. Rf1 Rg8+ 33. Kh2 Rg5 34. Rf4 Rgxf5 35. Rxf5 Rxf5 36. Kg3 Kg6 37. d3 Rf3+ 38. Kg2 Rxe3 39. dxe4 Rxe4 40. Kf3 f5 41. Rg1+ Kf6 42. Rg8 Rd4 43. Rh8 Kg5 44. Rc8 Rd6 45. Kg3 f4+ 46. Kf3 Kh4 47. Kxf4 Kxh3 48. Ke5 Rd5+ 49. Ke4 Rc5 50. Kd3 h5 51. Re8 Rc3+ 52. Kd2 h4 53. Re4 Kg3 54. Rxb4 h3 55. Rb8 Rc5 56. Rh8 Kg2 57. c4 h2 58. Rg8+ Kh3 59. Rh8+ Kg3 60. Kd3 Rg5 61. b4 Rg4 62. Rxh2 Kxh2 63. a4 a5 64. b5 c5 0-1

[Event "Mercredi 2025.02.19 ABCD"]
[Site "Montreal CAN"]
[Date "2025.02.26"]
[Round "2"]
[White "Boudreau, Daniel"]
[Black "Gadbois, Patrick"]
[Result "0-1"]
[WhiteElo "1867"]
[BlackElo "1901"]
[WhiteFideId "-1"]
[WhiteFideId "-1"]
[PlyCount "72"]
[GameId "2157618670129383"]
[EventDate "2025.02.19"]
[EventType "tourn"]
[EventRounds "5"]
[EventCountry "CAN"]

1. e4 e6 2. d4 d5 3. e5 c5 4. c3 Nc6 5. Nf3 Bd7 6. Be2 Qb6 7. O-O cxd4 8. cxd4 Rc8 9. Nc3 Nge7 10. Na4 Qc7 11. Bg5 h6 12. Be3 Nf5 13. Rc1 Be7 14. Nc5 g5 15. h3 Rg8 16. b4 Nxe3 17. fxe3 Nxb4 18. a3 Nc6 19. Nh2 Nxe5 20. Nxd7 Qxc1 21. Qxc1 Rxc1 22. Nxe5 Rxf1+ 23. Kxf1 Bxa3 24. Bh5 Ke7 25. Nhg4 f6 26. Ng6+ Kd6 27. Ke2 b5 28. Nxf6 Rc8 29. Kd3 b4 30. Bd1 Rc3+ 31. Kd2 Bc1+ 32. Ke2 Rxe3+ 33. Kf2 b3 34. Ne5 Rc3 35. Bh5 Be3+ 36. Ke2 Bxd4 0-1

[Event "Mercredi 2025.02.19 ABCD"]
[Site "Montreal CAN"]
[Date "2025.02.26"]
[Round "2"]
[White "Cebria Oliveira, Gabriel"]
[Black "Chasles, Jean-Benoit"]
[Result "1/2-1/2"]
[WhiteElo "1804"]
[BlackElo "1742"]
[WhiteFideId "-1"]
[WhiteFideId "-1"]
[PlyCount "95"]
[GameId "2157618670129398"]
[EventDate "2025.02.19"]
[EventType "tourn"]
[EventRounds "5"]
[EventCountry "CAN"]

1. e4 c5 2. c3 d5 3. exd5 Qxd5 4. d4 Nf6 5. Nf3 g6 6. dxc5 Qxc5 7. Be3 Qd5 8. Na3 Bg7 9. Bc4 Qxd1+ 10. Rxd1 O-O 11. Nb5 Nc6 12. h3 Bf5 13. O-O a6 14. Nbd4 Nxd4 15. Bxd4 b5 16. Bb3 a5 17. a3 e6 18. Rfe1 h5 19. Nh4 Rfb8 20. Nxf5 gxf5 21. Be5 Rb7 22. Rd3 Ne4 23. Bxg7 Kxg7 24. Bd1 Rh8 25. Bf3 Nc5 26. Rd6 Rbb8 27. b4 axb4 28. cxb4 Na4 29. h4 Kg6 30. Rc1 Rhd8 31. Rxd8 Rxd8 32. Be2 Rb8 33. g3 Nb2 34. Rc2 Na4 35. Kg2 f6 36. f4 Rb6 37. Kf2 e5 38. fxe5 fxe5 39. Rc8 Nb2 40. Rh8 Ra6 41. Bxh5+ Kg7 42. Rb8 Nd3+ 43. Kg2 Rxa3 44. Rxb5 Rb3 45. Be2 Rb2 46. Kf1 Rb1+ 47. Kg2 Rb2 48. Kf1 1/2-1/2

[Event "Mercredi 2025.02.19 ABCD"]
[Site "Montreal CAN"]
[Date "2025.02.26"]
[Round "2"]
[White "Cosette, Richard"]
[Black "Bain-Thouverez, Aurelien"]
[Result "1/2-1/2"]
[WhiteElo "1824"]
[BlackElo "1804"]
[WhiteFideId "-1"]
[WhiteFideId "-1"]
[PlyCount "117"]
[GameId "2157618670129396"]
[EventDate "2025.02.19"]
[EventType "tourn"]
[EventRounds "5"]
[EventCountry "CAN"]

1. e4 c5 2. c3 Nf6 3. e5 Nd5 4. d4 d6 5. Nf3 Nc6 6. Bb5 Qa5 7. Qe2 Bg4 8. Na3 a6 9. Bxc6+ bxc6 10. Nc4 Qb5 11. a4 Bxf3 12. gxf3 Qb7 13. exd6 O-O-O 14. Bg5 f6 15. d7+ Qxd7 16. Na5 Nc7 17. Bf4 e5 18. Nc4 Nd5 19. Bg3 exd4 20. O-O h5 21. Na5 Nc7 22. Bxc7 Qxc7 23. Qxa6+ Kd7 24. Nc4 Bd6 25. Nb6+ Ke7 26. Rfe1+ Kf8 27. h3 g6 28. Re6 Kg7 29. a5 d3 30. Rd1 d2 31. Qe2 Qf7 32. Nc4 Rhe8 33. Nxd6 Qxe6 34. Nxe8+ Rxe8 35. Qxe6 Rxe6 36. Rxd2 Re1+ 37. Kg2 Ra1 38. Rd7+ Kh6 39. Ra7 Ra2 40. a6 Kg5 41. Ra8 Kf4 42. a7 f5 43. h4 Ra4 44. b3 Ra3 45. Rc8 Rxa7 46. Rxc6 Rb7 47. Rxc5 Rxb3 48. Rc4+ Ke5 49. f4+ Kd5 50. Rc8 Ke4 51. Rc4+ Kd5 52. Rd4+ Kc5 53. Rd3 Kc4 54. Rg3 Rxc3 55. Rxg6 Kd4 56. Rg5 Ke4 57. Rxh5 Kxf4 58. Rg5 Ke5 59. h5 1/2-1/2

[Event "Mercredi 2025.02.19 ABCD"]
[Site "Montreal CAN"]
[Date "2025.02.26"]
[Round "2"]
[White "Di Matteo, Alessio"]
[Black "Deboosere, Adam"]
[Result "0-1"]
[WhiteElo "1973"]
[BlackElo "1997"]
[WhiteFideId "-1"]
[WhiteFideId "-1"]
[PlyCount "52"]
[GameId "2157618670129370"]
[EventDate "2025.02.19"]
[EventType "tourn"]
[EventRounds "5"]
[EventCountry "CAN"]

1. d4 Nf6 2. Nc3 d5 3. Bf4 e6 4. e3 Bd6 5. Qf3 O-O 6. g4 Bb4 7. Bd3 c5 8. g5 Ne4 9. Bxe4 dxe4 10. Qxe4 cxd4 11. exd4 Bd7 12. Qd3 Bc6 13. f3 Qa5 14. Bd2 Rd8 15. Nge2 e5 16. Nb1 exd4 17. a4 Na6 18. Nxd4 Re8+ 19. Kf2 Nc5 20. Qc4 Bxd2 21. Nf5 Ne6 22. Qg4 Qc5+ 23. Kg2 Qxc2 24. Na3 Qd3 25. Rhf1 Nf4+ 26. Kg3 Bd7 0-1

[Event "Mercredi 2025.02.19 ABCD"]
[Site "Montreal CAN"]
[Date "2025.02.26"]
[Round "2"]
[White "Genzling, Jerome"]
[Black "Chapdelaine, Gwyn"]
[Result "1-0"]
[WhiteElo "2104"]
[BlackElo "2174"]
[WhiteFideId "-1"]
[WhiteFideId "-1"]
[PlyCount "173"]
[GameId "2157618669932746"]
[EventDate "2025.02.19"]
[EventType "tourn"]
[EventRounds "5"]
[EventCountry "CAN"]

1. e4 e5 2. Nf3 Nc6 3. Bc4 Nf6 4. d3 Be7 5. O-O O-O 6. Re1 d6 7. c3 Bg4 8. Nbd2 d5 9. exd5 Nxd5 10. h3 Bh5 11. Ne4 Nb6 12. Bb3 Nd7 13. Be3 Kh8 14. Ng3 Bg6 15. Qd2 f5 16. Bg5 Nc5 17. Bc2 Bxg5 18. Qxg5 f4 19. Ne4 Nxe4 20. dxe4 Qe8 21. Ba4 h6 22. Bxc6 Qxc6 23. Qxe5 Rae8 24. Qd4 Bxe4 25. Ne5 Rxe5 26. Qxe5 Bxg2 27. Qe6 Qxe6 28. Rxe6 Bxh3 29. Re5 f3 30. Kh2 Bg2 31. Rae1 Rf4 32. R1e4 Rf6 33. Re7 Rg6 34. Rf4 Rg5 35. Rxc7 Kh7 36. Rcc4 Bf1 37. Rb4 Rg2+ 38. Kh1 Be2 39. Rg4 Rxf2 40. Rxb7 h5 41. Rbxg7+ Kh8 42. Rg8+ Kh7 43. R4g7+ Kh6 44. Rg1 Bd3 45. Rd1 Be4 46. Rd6+ Kh7 47. Re8 Rd2 48. Re7+ Kg8 49. Rxd2 f2+ 50. Kh2 f1=N+ 51. Kh3 Nxd2 52. Rxa7 Nf3 53. Ra4 Bd5 54. Rf4 Ng1+ 55. Kh4 Bxa2 56. Kxh5 Ne2 57. Rf2 Bf7+ 58. Kg4 Nc1 59. b4 Kf8 60. b5 Nd3 61. Rd2 Nc5 62. Rd6 Ke7 63. Rc6 Be6+ 64. Kf4 Na4 65. Ke5 Bd7 66. Rc7 Nb6 67. c4 Kd8 68. Rc5 Na4 69. Rd5 Kc7 70. Kd4 Nb6 71. Rh5 Na4 72. Rh6 Be8 73. Ra6 Nb6 74. Kc5 Nd7+ 75. Kb4 Bh5 76. Ra7+ Kc8 77. c5 Bf3 78. c6 Ne5 79. Kc5 Kb8 80. Rg7 Bg4 81. Kd5 Be2 82. Kxe5 Bxb5 83. Rb7+ Ka8 84. Rxb5 Ka7 85. Kd6 Ka8 86. Kc7 Ka7 87. Ra5# 1-0

[Event "Mercredi 2025.02.19 ABCD"]
[Site "Montreal CAN"]
[Date "2025.02.26"]
[Round "2"]
[White "Mok, Yuen Tak"]
[Black "Batorshyn, Ilia"]
[Result "0-1"]
[WhiteElo "2136"]
[BlackElo "2253"]
[WhiteFideId "-1"]
[WhiteFideId "-1"]
[PlyCount "116"]
[GameId "2157618669932748"]
[EventDate "2025.02.19"]
[EventType "tourn"]
[EventRounds "5"]
[EventCountry "CAN"]

1. e4 e5 2. Nf3 Nc6 3. Bc4 Nf6 4. d3 Bc5 5. O-O O-O 6. c3 d5 7. exd5 Nxd5 8. a4 Bf5 9. Re1 Nb6 10. Bb5 Ne7 11. Nxe5 c6 12. Bc4 Nxc4 13. dxc4 Qxd1 14. Rxd1 Rad8 15. Re1 Ng6 16. Nf3 a5 17. Be3 Bxe3 18. fxe3 Rfe8 19. Nbd2 Ne5 20. Nxe5 Rxd2 21. Rad1 Rxb2 22. e4 Be6 23. Rb1 Rxb1 24. Rxb1 Bc8 25. Nd3 Rxe4 26. Nc5 Rxc4 27. Rd1 Kf8 28. Nb3 Ke7 29. Nxa5 Rxa4 30. Nb3 Ra3 31. Rb1 Bf5 32. Rb2 Be6 33. Nd4 Ra1+ 34. Kf2 Ra2 35. Nf5+ Kf6 36. Rxa2 Bxa2 37. Nd6 b5 38. Ne8+ Kg6 39. Ke3 Bd5 40. g3 f6 41. Kd4 Kf7 42. Nc7 Bg2 43. Kc5 g5 44. Kd6 Kg6 45. Ne6 Kf5 46. h4 Bd5 47. Nd4+ Kg4 48. hxg5 fxg5 49. Nxc6 Bxc6 50. Kxc6 h5 51. Kxb5 h4 52. gxh4 gxh4 53. c4 h3 54. c5 h2 55. c6 h1=Q 56. Kb6 Kf5 57. Kb7 Ke6 58. Kc7 Qh7+ 0-1

[Event "Mercredi 2025.02.19 ABCD"]
[Site "Montreal CAN"]
[Date "2025.02.26"]
[Round "2"]
[White "Pomerantz, Daniel"]
[Black "Latorre, Vincent"]
[Result "1/2-1/2"]
[WhiteElo "2108"]
[BlackElo "2368"]
[WhiteFideId "-1"]
[WhiteFideId "-1"]
[PlyCount "76"]
[GameId "2157618669932747"]
[EventDate "2025.02.19"]
[EventType "tourn"]
[EventRounds "5"]
[EventCountry "CAN"]

1. e4 e5 2. Nf3 Nc6 3. Bb5 a6 4. Ba4 Nf6 5. O-O Bc5 6. c3 O-O 7. d4 Ba7 8. Re1 d6 9. h3 Re8 10. Bb3 h6 11. dxe5 Nxe5 12. Nxe5 dxe5 13. Qxd8 Rxd8 14. Nd2 b5 15. Nf3 Re8 16. Be3 c5 17. a4 Bb7 18. axb5 axb5 19. Bc2 Nxe4 20. Ra5 Nd6 21. Rea1 e4 22. Nd2 Bb6 23. Rxa8 Bxa8 24. Ra6 Bc7 25. Bxc5 Nf5 26. Ra7 Bd6 27. Bxd6 Nxd6 28. Rd7 Nf5 29. Bb3 Ne7 30. Nf1 Bc6 31. Rc7 Kf8 32. Ne3 Ra8 33. Nf5 Nxf5 34. Rxf7+ Ke8 35. Rxf5 Ra1+ 36. Kh2 Rb1 37. Bc2 Rxb2 38. Bxe4 Bxe4 1/2-1/2

[Event "Mercredi 2025.02.19 ABCD"]
[Site "Montreal CAN"]
[Date "2025.02.26"]
[Round "2"]
[White "Templonueva, Mark Geryl"]
[Black "Hartner, Rian"]
[Result "0-1"]
[WhiteElo "1904"]
[BlackElo "1850"]
[WhiteFideId "-1"]
[WhiteFideId "-1"]
[PlyCount "50"]
[GameId "2157618670129384"]
[EventDate "2025.02.19"]
[EventType "tourn"]
[EventRounds "5"]
[EventCountry "CAN"]

1. d4 Nf6 2. c4 c5 3. e3 cxd4 4. exd4 d5 5. Nc3 g6 6. Nf3 Bg7 7. Bg5 Nbd7 8. h4 h6 9. Bf4 O-O 10. g4 Nxg4 11. Nxd5 e5 12. dxe5 Ndxe5 13. Be2 Re8 14. Kf1 Be6 15. Nxe5 Nxe5 16. Qb3 b5 17. Rd1 bxc4 18. Bxc4 Nxc4 19. Qxc4 Rc8 20. Qb5 a6 21. Qb7 Bxd5 22. Rxd5 Qf6 23. Qb4 Qe6 24. Qb3 Qe4 25. Rh3 Qxf4 0-1